Лексичні засоби на позначення позитивних та негативних емоцій у творах В.Теккерея (Запис № 284188)

МАРК-запис
000 -LEADER
fixed length control field 01950nam a22001577a 4500
041 ## - LANGUAGE CODE
Language code of text/sound track or separate title ukr
080 ## - UNIVERSAL DECIMAL CLASSIFICATION NUMBER
Universal Decimal Classification number 09
090 ## - LOCALLY ASSIGNED LC-TYPE CALL NUMBER (OCLC); LOCAL CALL NUMBER (OCLC)
Local cutter number (OCLC) ; Book number/undivided call number, CALL (RLIN) ГРО
100 ## - MAIN ENTRY--PERSONAL NAME
Personal name Громова В.В.
245 ## - TITLE STATEMENT
Title Лексичні засоби на позначення позитивних та негативних емоцій у творах В.Теккерея
260 ## - PUBLICATION, DISTRIBUTION, ETC. (IMPRINT)
Place of publication, distribution, etc Острог
Name of publisher, distributor, etc КАФ
Date of publication, distribution, etc 2009
300 ## - PHYSICAL DESCRIPTION
Extent 62
520 ## - SUMMARY, ETC.
Summary, etc ВСТУП<br/>РОЗІДЛ1 ЕМОЦІЇ ЯК ЗАСІБ ВИРАЖЕННЯ ПСИХОЛОГІЧНОГО СТАНУ ЛЮДИНИ<br/>1.1 Емоції. Теорії виникнення емоцій.<br/>1.2 Лексика на позначення емоцій та її використаня у світовій літературі.<br/>1.3 Емоції та емотивність. Мова опису емоцій та емотивності.<br/>1.4 Поняття емоційної та експресивної лексики. Характеристика емоційно-забарвлених одиниць.<br/>1.5 процес комунікації та емоції.<br/>РОЗДІЛ 2 ОПИС ЛЕКСИКИ, ЩО ВИКОРИСТОВУЮТЬСЯ НА ПОЗНАЧЕННЯ ЕМОЦІЙ ТА ПОЧУТТІВ<br/>2.1 Лексичні одиниці на позначення емоцій у творі "Історія Пенденіса".<br/>2.2 Лексичні одиниці на позначення емоцій у творі "Записки Жовтоплюща".<br/>2.3 Лексичні одиниці на позначення емоцій у творі "Книга Снобів".<br/>2.4 Лексичні одиниці на вираження емоцій у творі"Барі Ліндон".<br/>2.5 Лексичні одиниці на вираження емоцій у творі "Історія Самюеля Тітмарша".<br/>ВИСНОВКИ
-- емоції,почуття,лексичні одиниці
650 ## - SUBJECT ADDED ENTRY--TOPICAL TERM
Topical term or geographic name as entry element Research Papers
942 ## - ADDED ENTRY ELEMENTS (KOHA)
Koha item type Книги
Фонди
Withdrawn status Lost status Source of classification or shelving scheme Damaged status Not for loan Home library Current library Date acquired Source of acquisition Cost, normal purchase price Total Checkouts Full call number Barcode Date last seen Price effective from Koha item type
    Universal Decimal Classification     ВІЛ - Відділ іноземн. літератури НБ ВІЛ - Відділ іноземн. літератури НБ 16/04/2009 Акт №1 1.00   09 213451 15/12/2021 16/04/2009 Книги